|
|
|
|
| LEADER |
00655 a2200169 4500 |
| 008 |
150103s9999 000 0 eng |
| 020 |
|
|
|a 9781138223325
|c P48.99
|
| 082 |
|
|
|a 792.095414
|
| 100 |
|
|
|a Ganguly, Sanjoy.
|
| 245 |
|
|
|a From boal to jana sanskriti:
|b practice and principles /
|c Sanjoy Ganguly; edited by Ralph Yarrow
|
| 260 |
|
|
|a New York:
|b Routledge,
|c c2017.
|
| 300 |
|
|
|a 152 p.
|
| 650 |
|
|
|a Theater
|
| 700 |
|
|
|a Yarrow, Ralph.
|e editor.
|
| 942 |
|
|
|c BK
|
| 999 |
|
|
|c 308751
|d 308751
|
| 952 |
|
|
|0 0
|1 0
|2 ddc
|4 0
|6 792_095414000000000_GAN_FR
|7 0
|9 354319
|a DRA
|b DRA
|c ST1
|d 2018-02-19
|i 10338
|l 1
|o 792.095414 GAN/FR
|p DRA10338
|r 2019-11-11
|s 2019-04-04
|v 4644.25
|w 2018-02-19
|y BK
|